Analysis and design of pavement (Record no. 6405)

MARC details
000 -LEADER
fixed length control field 00788nam a22002417a 4500
003 - CONTROL NUMBER IDENTIFIER
control field OSt
005 - DATE AND TIME OF LATEST TRANSACTION
control field 20251126144129.0
008 - FIXED-LENGTH DATA ELEMENTS--GENERAL INFORMATION
fixed length control field 251126b |||||||| |||| 00| 0 eng d
040 ## - CATALOGING SOURCE
Original cataloging agency DCWCL Main-Lib
Transcribing agency OC
082 ## - DEWEY DECIMAL CLASSIFICATION NUMBER
Edition number Second edition
Classification number Circ. 625.8 A532 2025
100 ## - MAIN ENTRY--PERSONAL NAME
Personal name Harle, S.M.
245 ## - TITLE STATEMENT
Title Analysis and design of pavement
Statement of responsibility, etc. S.M Harle, N.W. Ingole, A.B. Ranit, and M.V. Mohod
250 ## - EDITION STATEMENT
Edition statement Second edition
260 ## - PUBLICATION, DISTRIBUTION, ETC.
Place of publication, distribution, etc. New Delhi, India:
Name of publisher, distributor, etc. S.K. Kataria & Sons,
Date of publication, distribution, etc. c2025.
300 ## - PHYSICAL DESCRIPTION
Extent xiii, 370 pages:
Other physical details illustrations;
Dimensions 24 cm.
504 ## - BIBLIOGRAPHY, ETC. NOTE
Bibliography, etc. note Includes bibliographical references and index.
650 ## - SUBJECT ADDED ENTRY--TOPICAL TERM
Topical term or geographic name entry element 1. Pavements.
650 ## - SUBJECT ADDED ENTRY--TOPICAL TERM
Topical term or geographic name entry element 2. Technology
700 ## - ADDED ENTRY--PERSONAL NAME
Personal name Ingole, N.W.
700 ## - ADDED ENTRY--PERSONAL NAME
Personal name Ranit, A.B.
700 ## - ADDED ENTRY--PERSONAL NAME
Personal name Mohod, M.V.
942 ## - ADDED ENTRY ELEMENTS (KOHA)
Source of classification or shelving scheme Dewey Decimal Classification
Koha item type Book Circulation
Edition Second edition
Call number prefix Circ.
Suppress in OPAC No
952 ## - LOCATION AND ITEM INFORMATION (KOHA)
--
Holdings
Withdrawn status Lost status Source of classification or shelving scheme Damaged status Not for loan Home library Current library Shelving location Date acquired Source of acquisition Total Checkouts Full call number Barcode Date last seen Price effective from Koha item type Uniform Resource Identifier
    Dewey Decimal Classification     College Library College Library Circulation 10/01/2025 SF   Circ.625.8 A532 2025 CL54556 11/26/2025 11/26/2025 BK-CIRC